[Event "IECG FI.2001.0.00009 (Class 3)"]
[Site "IECG email"]
[Date "2001.04.01"]
[Round "?"]
[White "Hynes, Thomas F"]
[Black "Mohay, Peter"]
[Result "1-0"]
[WhiteElo "1370"]
[BlackElo "1000"]
[PlyCount "27"]
[EventDate "2001.04.01"]
[EventType "tourn (corr)"]
[EventRounds "11"]
[SourceTitle "Corr 2008"]
[Source "ChessBase"]
[SourceDate "2008.06.24"]
[SourceVersion "1"]
[SourceVersionDate "2008.06.24"]
[SourceQuality "1"]

1. e4 e5 2. f4 exf4 3. Nf3 Be7 4. Bc4 Nf6 5. e5 Nh5 6. d4 Bh4+ 7. Kf1 0-0 8. Be2 g6 9. Nxh4 Qxh4 10. Bxh5 gxh5 11. Nc3 d6 12. Nd5 Na6 13. Nf6+ Kh8 14. Qd3 1-0

[Event "IECG FI.2001.0.00009 (Class 3)"]
[Site "IECG email"]
[Date "2001.04.01"]
[Round "?"]
[White "Mohay, Peter"]
[Black "Neumann, Ulrich"]
[Result "0-1"]
[WhiteElo "1000"]
[BlackElo "1487"]
[PlyCount "72"]
[EventDate "2001.04.01"]
[EventType "tourn (corr)"]
[EventRounds "11"]
[SourceTitle "Corr 2008"]
[Source "ChessBase"]
[SourceDate "2008.06.24"]
[SourceVersion "1"]
[SourceVersionDate "2008.06.24"]
[SourceQuality "1"]

1. d4 Nf6 2. c4 e6 3. Nc3 Bb4 4. e3 0-0 5. Nge2 d5 6. a3 Be7 7. cxd5 exd5 8. g3 c6 9. Bg2 Bf5 10. 0-0 Qd7 11. b4 Bh3 12. Bxh3 Qxh3 13. Nf4 Qf5 14. f3 Re8 15. g4 Qc8 16. g5 Nfd7 17. h4 f6 18. g6 hxg6 19. Nxg6 Bd6 20. e4 Nf8 21. Nxf8 Qh3 22. Qc2 Kxf8 23. e5 Qg3+ 24. Qg2 Qxg2+ 25. Kxg2 fxe5 26. Be3 b5 27. Rae1 a5 28. dxe5 Bxe5 29. Bd2 axb4 30. axb4 Na6 31. f4 Bd6 32. Na2 Be7 33. Kg3 Nc7 34. Nc1 Ra3+ 35. Kg4 Na6 36. Rxe7 Rxe7 0-1

[Event "IECG CP.2000.P.00009"]
[Site "IECG email"]
[Date "2000.10.01"]
[Round "?"]
[White "Baer, Werner"]
[Black "Mohay, Peter"]
[Result "1-0"]
[WhiteElo "2129"]
[BlackElo "1000"]
[PlyCount "25"]
[EventDate "2000.10.01"]
[EventType "tourn (corr)"]
[EventRounds "6"]
[EventCountry "USA"]
[SourceTitle "Corr 2008"]
[Source "ChessBase"]
[SourceDate "2008.06.24"]
[SourceVersion "1"]
[SourceVersionDate "2008.06.24"]
[SourceQuality "1"]

1. e4 e5 2. Nf3 Nc6 3. Bc4 Nf6 4. Ng5 d5 5. exd5 Na5 6. Bb5+ c6 7. dxc6 bxc6 8. Qf3 Qd5 9. Ba4 e4 10. Qg3 Be6 11. Nc3 Nh5 12. Qc7 Qd7 13. Qxa5 1-0

[Event "IECG CP.2000.P.00009"]
[Site "IECG email"]
[Date "2000.10.01"]
[Round "?"]
[White "El Mulo, El Mulo"]
[Black "Mohay, Peter"]
[Result "1-0"]
[WhiteElo "800"]
[BlackElo "1000"]
[PlyCount "55"]
[EventDate "2000.10.01"]
[EventType "tourn (corr)"]
[EventRounds "6"]
[EventCountry "USA"]
[SourceTitle "Corr 2008"]
[Source "ChessBase"]
[SourceDate "2008.06.24"]
[SourceVersion "1"]
[SourceVersionDate "2008.06.24"]
[SourceQuality "1"]

1. e4 e5 2. Nf3 Nc6 3. d4 exd4 4. Nxd4 Bc5 5. Nb3 Bb6 6. Bc4 Qf6 7. 0-0 d6 8. Nc3 Nge7 9. a4 a6 10. Be3 Ne5 11. Bxb6 cxb6 12. Be2 Be6 13. Qxd6 Nc4 14. Bxc4 Bxc4 15. Qxf6 gxf6 16. Rfd1 Bxb3 17. cxb3 Rd8 18. Rxd8+ Kxd8 19. f4 Kc7 20. Rc1 Kd6 21. b4 Rd8 22. Rd1+ Kc7 23. Rxd8 Kxd8 24. g4 Kd7 25. Kf2 Ke6 26. b5 Kd6 27. b4 h6 28. Ke3 1-0

[Event "IECG CP.2000.P.00009"]
[Site "IECG email"]
[Date "2000.10.01"]
[Round "?"]
[White "Mohay, Peter"]
[Black "Hartmann, John R"]
[Result "0-1"]
[WhiteElo "1000"]
[BlackElo "1249"]
[PlyCount "68"]
[EventDate "2000.10.01"]
[EventType "tourn (corr)"]
[EventRounds "6"]
[EventCountry "USA"]
[SourceTitle "Corr 2008"]
[Source "ChessBase"]
[SourceDate "2008.06.24"]
[SourceVersion "1"]
[SourceVersionDate "2008.06.24"]
[SourceQuality "1"]

1. c4 c6 2. d4 d5 3. e3 Nf6 4. Nc3 e6 5. Nf3 Nbd7 6. Bd3 dxc4 7. Bxc4 b5 8. Bd3 a6 9. e4 c5 10. dxc5 Nxc5 11. Ne5 Bb7 12. Qe2 b4 13. Nd1 Nxd3+ 14. Qxd3 Qxd3 15. Nxd3 Bxe4 16. Nf4 Bd6 17. f3 Bb7 18. Kf2 Rc8 19. Re1 Rxc1 20. Rxc1 Bxf4 21. Ne3 0-0 22. Rc4 Bxe3+ 23. Rxe3 Nd5 24. Rb3 Rc8 25. Rxc8+ Bxc8 26. a3 a5 27. axb4 axb4 28. g3 Ba6 29. f4 Kf8 30. Ke1 Ke7 31. Kf2 f6 32. Kg2 e5 33. fxe5 fxe5 34. Rf3 e4 0-1